Dios llega al hombre : (Registro nro. 14866)
[ vista simple ]
| 000 -CABECERA | |
|---|---|
| campo de control de longitud fija | 00859cam a2200229 a 4500 |
| 001 - NÚMERO DE CONTROL | |
| campo de control | 000015300 |
| 005 - FECHA Y HORA DE LA ÚLTIMA TRANSACCIÓN | |
| campo de control | 20200929164015.0 |
| 008 - DATOS DE LONGITUD FIJA--INFORMACIÓN GENERAL | |
| campo de control de longitud fija | 830127s1966 sp ab 000 0 spa d |
| 040 ## - FUENTE DE LA CATALOGACIÓN | |
| Centro catalogador/agencia de origen | DO-SdBNP |
| Lengua de catalogación | spa |
| Centro/agencia transcriptor | DLC |
| Centro/agencia modificador | BNPHU |
| 082 ## - NÚMERO DE LA CLASIFICACIÓN DECIMAL DEWEY | |
| Número de clasificación | 225 |
| Número de documento/Ítem | D594 |
| 049 ## - FONDOS LOCALES (OCLC) | |
| Fondos de biblioteca | BNGR |
| 245 00 - MENCIÓN DE TÍTULO | |
| Título | Dios llega al hombre : |
| Resto del título | el Nuevo Testamento de Nuestro Señor Jesucristo. |
| 260 ## - PUBLICACIÓN, DISTRIBUCIÓN, ETC. | |
| Lugar de publicación, distribución, etc. | Asunción : |
| Nombre del editor, distribuidor, etc. | Sociedades Bíblicas en América Latina, |
| Fecha de publicación, distribución, etc. | 1966. |
| 300 ## - DESCRIPCIÓN FÍSICA | |
| Extensión | iv, 578 p. : |
| Otras características físicas | il., mapas ; |
| Dimensiones | 19 cm. |
| 490 1# - MENCIÓN DE SERIE | |
| Mención de serie | La palabra de Dios, para una nueva era |
| 500 ## - NOTA GENERAL | |
| Nota general | Vesión popular |
| 500 ## - NOTA GENERAL | |
| Nota general | Diccionario de algunas palabras especiales del Nuevo Testamento (p. 571-578). |
| 650 #4 - PUNTO DE ACCESO ADICIONAL DE MATERIA--TÉRMINO DE MATERIA | |
| Término de materia o nombre geográfico como elemento de entrada | Biblia |
| Subdivisión general | N.t |
| -- | Evangelios |
| 9 (RLIN) | 34598 |
| 650 #4 - PUNTO DE ACCESO ADICIONAL DE MATERIA--TÉRMINO DE MATERIA | |
| Término de materia o nombre geográfico como elemento de entrada | Biblia |
| Subdivisión general | N.t |
| -- | Español |
| -- | Versiones |
| 9 (RLIN) | 34599 |
| 830 #0 - PUNTO DE ACCESO ADICIONAL DE SERIE-TÍTULO UNIFORME | |
| Título uniforme | La palabra de Dios, para una nueva era ; |
| 9 (RLIN) | 34600 |
| 910 ## - DATOS DE OPCIÓN DEL USUARIO (OCLC) | |
| Datos de opción del usuario | Catalogación por copia / LC |
| Estado de retiro | Estado de pérdida | Restricciones de uso | No para préstamo | Código de colección | Localización permanente | Ubicación/localización actual | Ubicación en estantería | Fecha de adquisición | Número de inventario | Total de préstamos | Signatura topográfica completa | Código de barras | Fecha visto por última vez | Precio válido a partir de | Tipo de ítem Koha |
|---|---|---|---|---|---|---|---|---|---|---|---|---|---|---|---|
| Monografías: Libros y Folletos | General | General | En catalogación | 04.02.2010 | LF1 | 225 D594 | 15300-10 | 25.06.2020 | 25.06.2020 | Préstamo en sala |
